Rights of appeal in planning (Record no. 109209)

MARC details
000 -LEADER
fixed length control field 00743cad a22002055a 4500
001 - CONTROL NUMBER
control field E146529
008 - FIXED-LENGTH DATA ELEMENTS--GENERAL INFORMATION
fixed length control field 090130s2004 xxk f s000 0 eng d
035 ## - SYSTEM CONTROL NUMBER
System control number (Sirsi) u146529
041 0# - LANGUAGE CODE
Language code of text/sound track or separate title eng
050 04 - LIBRARY OF CONGRESS CALL NUMBER
Classification number 711.1 $2 18
110 2# - MAIN ENTRY--CORPORATE NAME
Corporate name or jurisdiction name as entry element Scotland
Subordinate unit Scottish Executive
9 (RLIN) 4769
245 00 - TITLE STATEMENT
Title Rights of appeal in planning
Remainder of title consultation paper[electronic resource]
260 ## - PUBLICATION, DISTRIBUTION, ETC.
Place of publication, distribution, etc. [Edinburgh]
Name of publisher, distributor, etc. Scottish Executive
Date of publication, distribution, etc. 2004
520 ## - SUMMARY, ETC.
Summary, etc. Consultation paper on rights of appeal in the planning system.
521 ## - TARGET AUDIENCE NOTE
Target audience note Advanced
651 #4 - SUBJECT ADDED ENTRY--GEOGRAPHIC NAME
Geographic name Scotland
Chronological subdivision 1999-
690 ## - LOCAL SUBJECT ADDED ENTRY--TOPICAL TERM (OCLC, RLIN)
Topical term or geographic name as entry element Planning and development
9 (RLIN) 6259
856 40 - ELECTRONIC LOCATION AND ACCESS
Uniform Resource Identifier <a href="https://www.scotland.gov.uk/Publications/2004/04/19206/35611">https://www.scotland.gov.uk/Publications/2004/04/19206/35611</a>
Public note View the consultation free of charge at www.scotland.gov.uk...
942 ## - ADDED ENTRY ELEMENTS (KOHA)
Suppress in OPAC 0
Holdings
Withdrawn status Lost status Source of classification or shelving scheme Damaged status Not for loan Home library Current library Shelving location Date acquired Total Checkouts Full call number Barcode Date last seen Copy number Price effective from Koha item type
    Dewey Decimal Classification     Virtual Virtual Online 30/01/2009   ONLINE PUBLICATION 146529-2001 06/08/2019 1 06/08/2019 Book